<?xml version="1.0" encoding="UTF-8"?>
<collection xmlns="http://www.loc.gov/MARC21/slim">
 <record>
  <leader>01961aam a22002538a 4500</leader>
  <controlfield tag="001">NCT_20064</controlfield>
  <controlfield tag="008">160713s2016                  ||||||viesd</controlfield>
  <datafield tag="999" ind1=" " ind2=" ">
   <subfield code="c">954</subfield>
   <subfield code="d">954</subfield>
  </datafield>
  <datafield tag="020" ind1=" " ind2=" ">
   <subfield code="c">70000</subfield>
  </datafield>
  <datafield tag="082" ind1="0" ind2="4">
   <subfield code="2">23rd ed.</subfield>
   <subfield code="a">332.63.076</subfield>
   <subfield code="b">H307</subfield>
  </datafield>
  <datafield tag="100" ind1="1" ind2=" ">
   <subfield code="a">Phước Minh Hiệp</subfield>
  </datafield>
  <datafield tag="245" ind1="1" ind2="0">
   <subfield code="a">Giáo trình thiết lập &amp; thẩm định dự án đầu tư</subfield>
   <subfield code="c">Phước Minh Hiệp, Lê Thị Vân Đan</subfield>
  </datafield>
  <datafield tag="250" ind1=" " ind2=" ">
   <subfield code="a">Tái bản lần 2 có sửa chữa bổ sung</subfield>
  </datafield>
  <datafield tag="260" ind1=" " ind2=" ">
   <subfield code="a">H.</subfield>
   <subfield code="b">Lao Động - Xã Hội</subfield>
   <subfield code="c">2011</subfield>
  </datafield>
  <datafield tag="300" ind1=" " ind2=" ">
   <subfield code="a">356 tr.</subfield>
   <subfield code="c">24 cm</subfield>
  </datafield>
  <datafield tag="520" ind1="3" ind2=" ">
   <subfield code="a">Giáo trình gồm 7 chương. Chương 1, 2 cung cấp cho chúng ta biết những kiến thức chung về dự án đầu tư, việc tổ chức soạn thảo dự án đầu tư và việc tổ chức thẩm định dự án đầu tư. Các chương còn lại lần lượt là các nội dung nghiên cứu về thị trường, kỹ thuật, tổ chức quản trị, tài chính và hiệu quả kinh tế - xã hội của dự án đầu tư.</subfield>
  </datafield>
  <datafield tag="653" ind1=" " ind2=" ">
   <subfield code="a">Tài chính - Ngân hàng</subfield>
  </datafield>
  <datafield tag="700" ind1="1" ind2=" ">
   <subfield code="a">Lê Thị Vân Đan</subfield>
  </datafield>
  <datafield tag="942" ind1=" " ind2=" ">
   <subfield code="2">ddc</subfield>
   <subfield code="c">BK</subfield>
  </datafield>
  <datafield tag="952" ind1=" " ind2=" ">
   <subfield code="0">0</subfield>
   <subfield code="1">0</subfield>
   <subfield code="2">ddc</subfield>
   <subfield code="4">0</subfield>
   <subfield code="6">332_630000000000000_076_H307</subfield>
   <subfield code="7">0</subfield>
   <subfield code="9">5734</subfield>
   <subfield code="a">000001</subfield>
   <subfield code="b">000001</subfield>
   <subfield code="d">2017-12-20</subfield>
   <subfield code="o">332.63.076 H307</subfield>
   <subfield code="p">MD.06275</subfield>
   <subfield code="r">2017-12-20</subfield>
   <subfield code="v">70000.00</subfield>
   <subfield code="w">2017-12-20</subfield>
   <subfield code="y">BK</subfield>
  </datafield>
  <datafield tag="952" ind1=" " ind2=" ">
   <subfield code="0">0</subfield>
   <subfield code="1">0</subfield>
   <subfield code="2">ddc</subfield>
   <subfield code="4">0</subfield>
   <subfield code="6">332_630000000000000_076_H307</subfield>
   <subfield code="7">0</subfield>
   <subfield code="9">5735</subfield>
   <subfield code="a">000001</subfield>
   <subfield code="b">000001</subfield>
   <subfield code="d">2017-12-20</subfield>
   <subfield code="l">3</subfield>
   <subfield code="o">332.63.076 H307</subfield>
   <subfield code="p">MD.06276</subfield>
   <subfield code="r">2021-03-09</subfield>
   <subfield code="s">2021-03-05</subfield>
   <subfield code="v">70000.00</subfield>
   <subfield code="w">2017-12-20</subfield>
   <subfield code="y">BK</subfield>
  </datafield>
  <datafield tag="952" ind1=" " ind2=" ">
   <subfield code="0">0</subfield>
   <subfield code="1">0</subfield>
   <subfield code="2">ddc</subfield>
   <subfield code="4">0</subfield>
   <subfield code="6">332_630000000000000_076_H307</subfield>
   <subfield code="7">0</subfield>
   <subfield code="9">5736</subfield>
   <subfield code="a">000001</subfield>
   <subfield code="b">000001</subfield>
   <subfield code="d">2017-12-20</subfield>
   <subfield code="o">332.63.076 H307</subfield>
   <subfield code="p">MD.06277</subfield>
   <subfield code="r">2017-12-20</subfield>
   <subfield code="v">70000.00</subfield>
   <subfield code="w">2017-12-20</subfield>
   <subfield code="y">BK</subfield>
  </datafield>
  <datafield tag="952" ind1=" " ind2=" ">
   <subfield code="0">0</subfield>
   <subfield code="1">0</subfield>
   <subfield code="2">ddc</subfield>
   <subfield code="4">0</subfield>
   <subfield code="6">332_630000000000000_076_H307</subfield>
   <subfield code="7">0</subfield>
   <subfield code="9">5737</subfield>
   <subfield code="a">000001</subfield>
   <subfield code="b">000001</subfield>
   <subfield code="d">2017-12-20</subfield>
   <subfield code="l">2</subfield>
   <subfield code="o">332.63.076 H307</subfield>
   <subfield code="p">MD.06278</subfield>
   <subfield code="r">2021-03-09</subfield>
   <subfield code="s">2021-03-05</subfield>
   <subfield code="v">70000.00</subfield>
   <subfield code="w">2017-12-20</subfield>
   <subfield code="y">BK</subfield>
  </datafield>
  <datafield tag="980" ind1=" " ind2=" ">
   <subfield code="a">Thư viện Trường Đại học Nam Cần Thơ</subfield>
  </datafield>
 </record>
</collection>
